[Event "21st Dubai Open 2019"]
[Site "Dubai"]
[Date "2019.04.06"]
[Round "5.17"]
[White "Hedman, Erik"]
[Black "Sanal, Vahap"]
[Result "0-1"]
[WhiteElo "2385"]
[BlackElo "2513"]
[Annotator "TA"]
[PlyCount "62"]
[EventDate "2019.04.01"]
[EventType "swiss"]
[EventCountry "UAE"]
[SourceTitle "playchess.com"]
[Source "ChessBase"]
[SourceQuality "1"]

{[%evp 24,62,0,0,11,0,8,22,93,94,95,35,34,0,39,23,33,-79,-73,-81,-74,-79,-72,-142,-52,-53,-65,-78,-73,-68,-67,-225,-182,-256,-256,-256,-256,-256,-256,-256,-256]} 1. d4 Nf6 2. c4 e6 3. Nf3 b6 4. a3 Bb7 5. Nc3 d5 6. cxd5 Nxd5 7. Qc2 Be7 8. e4 Nxc3 9. bxc3 O-O 10. Bd3 c5 11. O-O Qc8 12. Qe2 Ba6 13. Rd1 Bxd3 {E12: Queen's Indian: Unusual White 4th moves, 4 a3, 4 Nc3 Bb7 5 a3 and 4 Nc3 Bb7} 14. Rxd3 Nd7 15. e5 {[#]} h6 $146 {[#]} (15... Re8 $11 {remains equal.}) ({Predecessor:} 15... Re8 16. h4 cxd4 17. cxd4 Qb7 18. Bg5 Bf8 19. Nd2 f6 20. exf6 Nxf6 21. Bxf6 gxf6 {1-0 (34) Gupta,A (2610)-Ivanchuk,V (2725) Caleta 2018}) 16. Ne1 $1 $16 f5 {[#]} 17. h4 (17. Bxh6 $1 $16 {[%mdl 512]} gxh6 18. Qh5) 17... Kh7 18. Nf3 c4 19. Rd1 Qc6 20. d5 (20. a4 $14 {keeps the upper hand.}) 20... exd5 $17 21. Nd4 Qg6 22. h5 Qg4 $36 {[%mdl 2048] Keeping White busy.} 23. Nf3 (23. Qxg4 $142 fxg4 24. Nc6) 23... Qe4 (23... Nc5 $17 {...Nd3 is the strong threat.} 24. Rxd5 Rad8) 24. Qxe4 $15 fxe4 25. Rxd5 exf3 26. Rxd7 Bc5 {Strongly threatening ...Rae8.} 27. e6 $2 ({White should play} 27. g4 $15) 27... Rae8 $19 28. e7 (28. g3 {is a better defense.}) 28... Rxe7 {Black has a decisive advantage.} 29. Rxe7 Bxe7 30. Be3 fxg2 31. a4 Rf5 {Accuracy: White = 34%, Black = 48%.} 0-1

[Event "21st Dubai Open 2019"]
[Site "Dubai"]
[Date "2019.04.06"]
[Round "5.18"]
[White "Iniyan, P."]
[Black "Pranav Vijay"]
[Result "1-0"]
[WhiteElo "2512"]
[BlackElo "2265"]
[Annotator "TA"]
[PlyCount "69"]
[EventDate "2019.04.01"]
[EventType "swiss"]
[EventCountry "UAE"]
[SourceTitle "playchess.com"]
[Source "ChessBase"]
[SourceQuality "1"]

{[%evp 19,68,21,12,0,35,40,50,46,57,56,54,52,50,44,62,69,70,64,81,46,72,70,94,65,114,110,119,117,248,221,245,218,218,206,217,207,715,711,1942,1562,1928,1885,1589,1537,1503,1467,3789,2902,3277,1942,29999]} 1. d4 Nf6 2. c4 e6 3. Nc3 Bb4 4. e3 O-O 5. Bd3 d5 6. Nf3 b6 7. O-O Bb7 8. cxd5 exd5 9. a3 Bd6 10. b4 Nbd7 11. Qb3 {E52: Nimzo-Indian: Rubinstein: 4...0-0 5 Nf3 d5 6 Bd3 b6} a5 {aiming for ...axb4.} (11... Re8 12. a4 Rb8 13. Nb5 Bf8 14. Nxa7 c6 15. b5 c5 16. Nc6 Bxc6 17. bxc6 c4 18. Qb5 cxd3 19. cxd7 Qxd7 20. Qxd3 {1-0 (41) Salem,A (2660)-Najer,E (2670) St Petersburg 2018}) 12. b5 Re8 13. Kh1 $146 {White is slightly better.} ({Predecessor:} 13. a4 Qe7 14. Ba3 Rac8 15. Bxd6 cxd6 16. Rac1 Rc7 17. Ne2 Rec8 18. Rxc7 Rxc7 {1-0 (47) Jepson,C (2391)-Johansson,L (2312) Malmo 2012}) 13... Bf8 14. a4 Ne4 15. Ba3 Bxa3 16. Qxa3 Qf6 17. Kg1 Rac8 18. Rfc1 Qd6 19. Rc2 h6 20. Ne2 Nef6 21. Qb3 g6 22. Rac1 Kg7 23. Nf4 c5 (23... Ne4 $16) 24. bxc6 $1 $18 Rxc6 25. Rxc6 Bxc6 {[#]} 26. Bxg6 $1 {[%mdl 512]} fxg6 27. Qc2 $1 {[%csl LRc6,LRg6][%mdl 64] Double Attack} Bb7 $2 (27... Kf7) 28. Qxg6+ Kh8 29. Qxh6+ Kg8 30. Qg6+ Kf8 31. Ng5 {[%csl Gg5][%cal Rg6f7]} Re7 32. h4 Bc6 33. h5 Nb8 34. Nfe6+ {[%mdl 64] Deflection} Rxe6 35. Qf7# {Accuracy: White = 78%, Black = 19%.} 1-0

[Event "21st Dubai Open 2019"]
[Site "Dubai"]
[Date "2019.04.06"]
[Round "5.19"]
[White "Yilmaz, Mustafa"]
[Black "Nitin, S.."]
[Result "1/2-1/2"]
[WhiteElo "2631"]
[BlackElo "2400"]
[Annotator "TA"]
[PlyCount "126"]
[EventDate "2019.04.01"]
[EventType "swiss"]
[EventCountry "UAE"]
[SourceTitle "playchess.com"]
[Source "ChessBase"]
[SourceQuality "1"]

{[%evp 18,126,56,23,31,37,34,18,29,22,35,29,71,65,93,87,89,89,110,115,103,99,203,189,223,217,203,188,190,187,181,186,183,193,183,191,193,187,177,110,110,110,133,91,91,91,91,91,91,91,91,91,91,91,91,91,91,91,99,99,99,99,103,0,99,0,99,99,99,99,99,91,91,91,91,91,91,91,91,91,91,84,91,91,91,84,91,91,91,84,91,84,91,84,91,84,91,91,91,91,91,0,91,91,91,91,91,91,91,91,91]} 1. d4 Nf6 2. c4 g6 3. Nc3 Bg7 4. e4 d6 5. Be2 O-O 6. Nf3 e5 7. O-O Nc6 8. d5 Ne7 9. Bd2 Nd7 10. Rc1 f5 {E97: King's Indian: Classical Main Line (6...e5 7 0-0 Nc6): 8 Be3 and 8 d5 Ne7, not 9 Ne1} (10... h6 11. Ne1 f5 12. Nd3 fxe4 13. Nxe4 Nf5 14. f3 Nf6 15. Ndf2 Nd4 16. Nxf6+ Qxf6 17. Bd3 Bf5 18. Ne4 {1-0 (60) Aronian,L (2809)-Salem,A (2638) Geneva 2017}) 11. Ng5 Nf6 12. f3 h6 {The position is equal.} 13. Ne6 Bxe6 $1 14. dxe6 c6 $146 ({Predecessor:} 14... fxe4 15. fxe4 Nc6 16. Be3 b6 17. Nd5 Kh7 18. b4 Nxe4 19. Rxf8 Bxf8 {1-0 (28) Jarmula,L (2462)-Loiacono,A (2296) Trieste 2017}) 15. Be3 $1 $36 {[%mdl 2048] White has the initiative.} Ne8 16. Qb3 b6 17. Rfd1 Qc8 18. c5 bxc5 {[#]} 19. Na4 $1 Rb8 {[#]} (19... fxe4 $16 {was necessary.} 20. fxe4 Rb8) 20. Qa3 $1 $18 fxe4 21. fxe4 Qb7 22. Bc4 Qb4 {[#]} 23. Nxc5 $1 {[%mdl 512]} Qxa3 (23... dxc5 24. Bxc5) 24. bxa3 dxc5 25. Bxc5 Bf6 26. Rd7 Bg5 27. Rcd1 Nf6 28. Bxe7 ({Better is} 28. Rxe7 $18 {Black must now prevent Rf7.} Nxe4 29. Red7 (29. Rxa7 Rfe8 $16)) 28... Nxd7 $16 29. exd7+ Kg7 30. Bxf8+ Kxf8 {[%mdl 4096] Endgame KRB-KRB} 31. Rd6 Ke7 32. Rxc6 Rb6 33. Rxb6 Be3+ 34. Kf1 Bxb6 {KB-KB} 35. Bb5 Bc5 36. Ke2 Bb6 37. Kf3 a5 38. Kg4 Kf6 39. Bc4 Ke7 40. Bb5 Kf6 $1 41. Kf3 Ke7 42. Ke2 Kd6 43. Kd3 Kc5 44. Bc4 (44. Ba4 {feels hotter.} Bd8 45. Ke2 Kd6 46. Kf3 h5 47. Kg3) 44... Kd6 45. Bf7 Kxd7 46. Bxg6 Ke7 47. Kc4 Be3 48. Kd5 Kf6 49. Bf5 Bc1 50. a4 Be3 51. Kd6 Bd2 52. Kd7 Bb4 53. Bg4 Ba3 54. Kc6 Bb4 55. Bh5 Bd2 56. Be8 Bc3 57. Bd7 Bd2 58. Bf5 Bc3 59. Kd6 (59. Kb6 $16) 59... Bb4+ (59... Bd2 $1 $11 {keeps the balance.}) 60. Kd5 {White is better.} Bd2 61. Kc4 Bb4 62. g3 Bd2 63. Bd7 Bb4 {Accuracy: White = 58%, Black = 64%.} 1/2-1/2

[Event "21st Dubai Open 2019"]
[Site "Dubai"]
[Date "2019.04.06"]
[Round "5.20"]
[White "Mchedlishvili, Mikheil"]
[Black "Raja Rithvik R"]
[Result "1-0"]
[WhiteElo "2610"]
[BlackElo "2391"]
[Annotator "TA"]
[PlyCount "89"]
[EventDate "2019.04.01"]
[EventType "swiss"]
[EventCountry "UAE"]
[SourceTitle "playchess.com"]
[Source "ChessBase"]
[SourceQuality "1"]

{[%evp 9,89,10,37,14,18,25,29,12,30,37,82,83,82,83,85,80,82,77,82,57,87,83,98,79,101,25,16,0,7,12,33,0,27,29,29,26,24,20,9,0,0,0,0,0,0,0,71,92,118,92,72,20,173,163,165,135,255,269,488,477,546,544,549,530,542,537,940,888,937,911,831,948,931,921,1410,1383,1341,1291,1341,1245,1396,1396]} 1. d4 Nf6 2. Bg5 Ne4 3. Bf4 d5 4. e3 c5 5. Bd3 Nf6 6. Nc3 {A45: Trompowsky Attack} (6. c3 Nc6 7. Nd2 Qb6 8. Rb1 Bg4 9. Ngf3 e6 10. Qa4 Be7 11. Ne5 O-O 12. Bg5 c4 13. Bc2 Bh5 14. Bxf6 gxf6 {1-0 (52) Mchedlishvili,M (2603)-Amin,B (2689) Riadh 2017}) 6... a6 7. dxc5 Nc6 8. Bg5 $146 {White has an edge.} ({Predecessor:} 8. Nf3 Bg4 9. Be2 e6 10. Na4 Nd7 11. O-O Nxc5 12. Nxc5 Bxc5 13. h3 Bh5 {1-0 (70) Kryakvin,D (2588)-Ehlvest,J (2521) chess.com INT 2019}) 8... e6 9. Na4 h6 10. Bxf6 $1 Qxf6 11. Nf3 Bd7 12. c3 Be7 13. O-O O-O 14. b4 Rad8 15. Qc2 e5 16. e4 Bg4 17. Nd2 ({White should try} 17. exd5 $16 {aiming for Be4.} Bxf3 18. Bh7+ (18. gxf3 Rxd5 19. Nb6 Rdd8 $14) 18... Kh8 19. Be4 (19. gxf3 Rxd5 20. Be4 Qg5+ 21. Kh1 Rd2 $15) 19... Bxe4 20. Qxe4) 17... d4 $1 $11 18. f3 dxc3 19. Qxc3 ({Not} 19. fxg4 Qg5 $19) 19... Qg5 {White must now prevent ...Qe3+.} 20. Nb2 ({But not} 20. fxg4 $2 Qe3+ 21. Rf2 Rxd3 $19) (20. Rf2 $5 {[%cal Rf3g4]} Qe3 21. Bc4 $14) 20... Qe3+ (20... Be6 {with more complications.} 21. Kh1 a5 22. a3 axb4 23. axb4 Qe3) 21. Kh1 Be6 22. Nb3 Bxb3 23. Qxb3 a5 $1 24. a3 axb4 $1 25. axb4 Qd2 26. Ra4 Nd4 27. Qa2 Ne2 (27... Ne6 $11 28. Rd1 Qf2) 28. Rd1 $16 Rxd3 29. Rxd2 Rxd2 {[#]} 30. Ra8 (30. Qa1 $1 $16) 30... Rxa8 $2 (30... Rc2 $1 $11 31. Rxf8+ Bxf8) 31. Qxa8+ $18 {[%mdl 64] Double Attack} Kh7 32. Qa3 Bg5 {[#]} (32... Nd4 $16 {was worth a try.}) 33. g3 $1 Nd4 $2 (33... Rc2 34. Nd1 Nd4) 34. Nc4 $1 {[%csl LRd2,LRe5] White is clearly winning.} Rf2 35. Nxe5 f6 36. Ng4 Rxf3 37. Qa1 Nc2 38. Qd1 Rc3 39. h4 Ne3 40. Nxe3 Bxe3 41. Qd5 b6 42. c6 Rc1+ 43. Kg2 Rc2+ 44. Kf3 Bg1 45. h5 {Accuracy: White = 68%, Black = 50%.} 1-0

[Event "21st Dubai Open 2019"]
[Site "Dubai"]
[Date "2019.04.06"]
[Round "5.21"]
[White "Can, Emre"]
[Black "Saurabh Anand"]
[Result "1-0"]
[WhiteElo "2599"]
[BlackElo "2385"]
[Annotator "TA"]
[PlyCount "71"]
[EventDate "2019.04.01"]
[EventType "swiss"]
[EventCountry "UAE"]
[SourceTitle "playchess.com"]
[Source "ChessBase"]
[SourceQuality "1"]

{[%evp 19,70,39,36,6,22,21,21,26,36,33,30,36,29,33,36,26,45,37,39,35,47,44,50,50,50,35,35,29,32,40,35,27,45,-24,-24,-25,-15,-35,126,118,136,140,734,727,719,719,708,688,4774,2702,29998,29999,29999]} 1. Nf3 d5 2. d4 Nf6 3. c4 e6 4. g3 dxc4 5. Bg2 a6 6. O-O Nc6 7. e3 Bd7 8. Qe2 {E04: Open Catalan: 5 Nf3} Bd6 9. Qxc4 O-O 10. Nbd2 Qe7 {LiveBook: 5 Games} 11. Qe2 Rab8 12. Nc4 e5 13. dxe5 Nxe5 {[#]} 14. Nxd6 $146 ({Predecessor:} 14. Nfxe5 Bxe5 15. Bd2 Bb5 {½-½ (31) Rodshtein,M (2688)-Vlasak,L (2378) Teplice 2018}) 14... Qxd6 15. Rd1 Nxf3+ 16. Bxf3 Qe5 17. e4 Ba4 18. Re1 $1 Rbc8 19. Bf4 Qe6 $1 20. b3 Bb5 21. Qc2 Rfd8 22. Rad1 Rxd1 23. Qxd1 {Threatens to win with e5.} Bc6 $1 24. Qd4 $36 {[%mdl 2048] Black is under pressure.} a5 {[%cal Ba6a5,Ba5a4][%mdl 32]} 25. Bg2 a4 26. b4 (26. bxa4 $14 Qxa2 27. Ra1) 26... Qxa2 $11 27. b5 Bxb5 {aiming for ...c5.} 28. e5 $1 {[%cal Re5f6,Be4e5,Be5e6][%mdl 32]} c5 $2 (28... Ng4 $15) 29. Qd1 $16 Ne8 30. Bxb7 Rc7 $2 {[%mdl 8192]} (30... Qe6 $16) 31. Bd5 $18 Bc4 32. Bxc4 Qxc4 {[#]} 33. e6 $1 Ra7 {[#]} 34. Qd7 $1 {[%cal Rd7e8][%mdl 512]} Ra8 (34... Rxd7 35. exd7) 35. Qxf7+ Kh8 36. Qf8# {Precision: White = 78%, Black = 42%.} 1-0

[Event "21st Dubai Open 2019"]
[Site "Dubai"]
[Date "2019.04.06"]
[Round "5.22"]
[White "Vishnu Prasanna. V"]
[Black "Assaubayeva, Bibisara"]
[Result "1-0"]
[WhiteElo "2515"]
[BlackElo "2381"]
[Annotator "TA"]
[PlyCount "71"]
[EventDate "2019.04.01"]
[EventType "swiss"]
[EventCountry "UAE"]
[SourceTitle "playchess.com"]
[Source "ChessBase"]
[SourceQuality "1"]

{[%evp 13,71,2,13,0,12,25,22,20,22,0,0,0,0,0,0,0,52,19,59,53,56,47,47,56,76,64,86,66,83,82,96,96,96,43,54,52,200,172,170,0,102,108,104,35,545,564,600,577,1043,1041,967,920,29991,29992,29993,29994,29996,29997,29997,29998]} 1. d4 d5 2. c4 c6 3. Nf3 Nf6 4. Nc3 e6 5. Qc2 Nbd7 6. cxd5 exd5 7. Bf4 Nh5 8. Bd2 {D35: Queen's Gambit Declined: Exchange Variation} (8. g3 Nxf4 9. gxf4 Nb6 10. e3 g6 11. h4 Bb4 12. Bd3 Bg4 13. Ne5 Bh5 14. Be2 Bxe2 15. Kxe2 f6 {½-½ (29) Topalov,V (2754)-Carlsen,M (2851) Stavanger 2016}) 8... g6 9. e4 $146 ({Predecessor:} 9. g4 Nhf6 10. h3 Bg7 11. Bg2 Qe7 12. Bf4 h5 13. g5 Ne4 14. Nxe4 dxe4 15. Nd2 Bxd4 {½-½ (24) Kluger,G-Ciric,D Marianske Lazne 1962}) 9... dxe4 10. Nxe4 {The position is equal.} Be7 11. Bc4 Nb6 12. Bb3 a5 {[%cal Ba7a5,Ba5a4][%mdl 32]} 13. a3 $36 {[%mdl 2048] White fights for an advantage.} a4 14. Ba2 Ng7 (14... O-O $11) 15. O-O Be6 16. Bxe6 Nxe6 17. Nc5 Bxc5 18. dxc5 Nd5 19. Bh6 $1 Qf6 {White must now prevent ...g5.} 20. Rfe1 Kd7 21. Bd2 Rhe8 22. Ne5+ Kc7 {[#]} 23. Re4 (23. Nc4 $1 $16) 23... Qf5 $14 {And now ...Nf6 would win.} 24. Rae1 Nd4 (24... Ng5 $14 25. Bxg5 Rxe5) 25. Qc4 Nb3 26. Bc3 $2 (26. Bf4 $1 $18) 26... h5 (26... f6 $11 27. g4 Qc8) 27. f3 $16 Red8 28. g4 (28. Bb4 $16) 28... Qf6 $2 {[%mdl 8192] [#]} ({Better is} 28... Qe6 $1 $14) 29. Nd7 $1 $18 {[%cal Rd7f6][%mdl 512]} Qg5 {[#] ...f5 is the strong threat.} (29... Kxd7 30. Bxf6) 30. Nb6 $1 {[%mdl 512] aiming for Be5+.} Nxb6 31. cxb6+ Kxb6 32. Re5 f5 33. Qb4+ {White mates.} Ka7 {[#]} 34. Ra5+ $1 {[%mdl 512]} Nxa5 35. Qxa5+ Kb8 36. Be5+ {Accuracy: White = 66%, Black = 36%.} 1-0

[Event "21st Dubai Open 2019"]
[Site "Dubai"]
[Date "2019.04.06"]
[Round "5.23"]
[White "Harsha Bharathakoti"]
[Black "Shailesh, Dravid"]
[Result "0-1"]
[WhiteElo "2497"]
[BlackElo "2316"]
[Annotator "TA"]
[PlyCount "76"]
[EventDate "2019.04.01"]
[EventType "swiss"]
[EventCountry "UAE"]
[SourceTitle "playchess.com"]
[Source "ChessBase"]
[SourceQuality "1"]

{[%evp 16,76,44,29,54,58,72,56,72,64,60,58,84,83,100,85,98,87,99,101,106,79,147,146,146,144,185,156,218,218,220,229,252,266,363,373,347,299,287,199,211,234,502,0,0,0,0,0,0,-297,-294,-29979,-29980,-29980,-29981,-29981,-29982,-29991,-29992,-29993,-29994,-29995,-29996]} 1. d4 Nf6 2. c4 g6 3. Nc3 Bg7 4. e4 d6 5. f3 O-O 6. Be3 a6 7. Nge2 Nc6 {[%cal Bb8c6,Bc6e5,Be5g4][%mdl 32]} 8. Qd2 Bd7 9. Nc1 Nh5 {E83: King's Indian: Sämisch Panno (6...Nc6): Lines without either Nge2 or Qd2} 10. Nb3 a5 11. d5 Ne5 {White is slightly better.} 12. Nd4 c5 13. Ndb5 f5 14. exf5 gxf5 15. f4 Ng4 16. O-O-O a4 17. a3 $146 ({Predecessor:} 17. Be2) 17... Qa5 18. g3 Nhf6 (18... Bxb5 $142 19. Nxb5 Qxd2+ 20. Kxd2 Bxb2) 19. h3 $16 Nxe3 20. Qxe3 Rae8 21. Bd3 e6 (21... Kh8 $16 {keeps fighting.} 22. g4 Qd8) 22. Nxd6 $18 exd5 23. Nxe8 Rxe8 24. Qf3 b5 25. Nxd5 (25. cxd5 b4 $14) 25... b4 {Strongly threatening ...bxa3.} 26. Nxf6+ Bxf6 27. Qd5+ Be6 28. Qc6 Kf7 $2 (28... Re7) 29. Qb5 $2 ({White has to play} 29. Be2 $1 $18 {[%cal Re2h5]} bxa3 30. Bh5+ {[%mdl 64] Skewer} Kg7 31. Qxe8 (31. Bxe8 Qb4 $11)) 29... Qa7 $1 $11 {And now ...Bd7 would win.} 30. Bc2 bxa3 31. bxa3 {Rd6 is the strong threat.} Rb8 $36 {[%mdl 2048] Black is more active.} 32. Qxa4 $2 {[%mdl 8192] [#]} (32. Qc6 $1 $11 {and White stays safe.} Bb2+ 33. Kd2) 32... Qb7 $1 $19 33. Rh2 $2 ({Not} 33. Qb5 $2 Qa8 $19) (33. Rhe1 $19 Qb2+ 34. Kd2 Qc3+ {[%mdl 64] Double Attack} 35. Ke2) 33... Qb2+ {Black mates.} 34. Kd2 {[#]} Qc3+ $1 {[%mdl 64] Double Attack} 35. Ke2 Bxc4+ 36. Kf2 Bd4+ 37. Rxd4 Qxd4+ 38. Kg2 Qd2+ {Accuracy: White = 70%, Black = 46%.} 0-1

[Event "21st Dubai Open 2019"]
[Site "Dubai"]
[Date "2019.04.06"]
[Round "5.24"]
[White "Vignesh N R"]
[Black "Mullick, Raahil"]
[Result "1/2-1/2"]
[WhiteElo "2457"]
[BlackElo "2275"]
[Annotator "TA"]
[PlyCount "60"]
[EventDate "2019.04.01"]
[EventType "swiss"]
[EventCountry "UAE"]
[SourceTitle "playchess.com"]
[Source "ChessBase"]
[SourceQuality "1"]

{[%evp 11,60,14,20,14,34,0,0,0,-12,-9,-14,-14,0,-31,-14,-31,-31,-107,-114,-120,-116,-153,-113,-120,-125,-154,-129,-177,-114,-165,-160,-152,-73,-134,-116,-129,-61,-75,-57,-110,-127,-130,-125,-122,-120,-112,-116,-125,-129,-121,-125]} 1. e4 e5 2. Nf3 Nc6 3. Bc4 Bc5 4. O-O Nf6 5. d3 a6 6. c3 Ba7 7. Bg5 {C54: Giuoco Piano: 4 c3 Nf6, main lines with 5 d4 and 5 d3} (7. a4 d6 8. Re1 Ng4 9. Re2 Qf6 10. Na3 O-O 11. Nc2 Be6 12. Bxe6 fxe6 13. h3 Nh6 14. Be3 Ne7 15. Bxa7 Rxa7 {1-0 (58) Harikrishna,P (2725)-Hakobyan,A (2545) St Petersburg 2018}) 7... d6 8. Bb3 h6 9. Bh4 {The position is equal.} g5 10. Bg3 Bg4 11. Nbd2 Qd7 12. Kh1 $146 ({Predecessor:} 12. Nc4 h5 13. h4 O-O-O 14. Ne3 Nh7 15. Re1 Rhg8 {1-0 (59) Liasota,E (2241)-Rysbayeva,A (2170) Dubna 2007}) 12... O-O-O 13. Ba4 h5 $36 {[%mdl 2048] Hoping for ...h4. Black fights for an advantage.} 14. Bxc6 (14. h4 $1 $15) 14... Qxc6 $17 15. h4 Nh7 $1 16. Qe1 f6 17. d4 Rhg8 18. d5 Qb5 19. Qb1 gxh4 (19... Rdf8 $19 20. a4 Qd7) 20. c4 (20. Nxh4 $17 Qd7 21. Qd3) 20... Qd7 $1 $19 21. Nxh4 {[#]} Qg7 (21... f5 $142 $1 {[%mdl 512]} 22. exf5 (22. Nxf5 Bxf5 23. exf5 Rg4 $17) 22... Rdf8) 22. Qe1 ({White should play} 22. a4) 22... Nf8 $17 23. f3 {[#]} Bd7 (23... Ng6 $1 $17 {[%cal Rg6h4]} 24. Qe2 (24. Nxg6 $2 Qxg6 25. fxg4 Qxg4 $17) 24... Bd7) 24. Bf2 $15 Ng6 {...Bxf2 is the strong threat.} 25. Nxg6 ({Better is} 25. Bxa7 $15 Nxh4 26. Rg1 (26. g4 $2 hxg4 27. Qg3 Qh6 $19) 26... Nxg2 27. Qf2) 25... Qxg6 $17 {[%csl Gg8][%cal Rg6g2] Black is better.} 26. Rg1 {[#]} Bxf2 $1 27. Qxf2 Kb8 28. g3 f5 29. exf5 Bxf5 30. Rae1 Rdf8 {Accuracy: White = 36%, Black = 57%.} 1/2-1/2

[Event "21st Dubai Open 2019"]
[Site "Dubai"]
[Date "2019.04.06"]
[Round "5.25"]
[White "Darini, Pouria"]
[Black "Bharath Subramaniyam H"]
[Result "0-1"]
[WhiteElo "2455"]
[BlackElo "2301"]
[Annotator "TA"]
[PlyCount "74"]
[EventDate "2019.04.01"]
[EventType "swiss"]
[EventCountry "UAE"]
[SourceTitle "playchess.com"]
[Source "ChessBase"]
[SourceQuality "1"]

{[%evp 14,74,14,23,27,30,62,60,78,71,91,60,154,144,228,230,223,217,226,231,272,228,251,258,243,229,548,555,562,557,519,562,529,334,538,522,517,452,465,84,639,416,610,643,688,600,616,600,750,621,1308,529,473,-323,-301,-776,-768,-29987,-29988,-29988,-29989,-29988,-29988]} 1. e4 c5 2. Nf3 e6 3. d4 cxd4 4. Nxd4 a6 5. Nc3 Qc7 6. Bd3 Nf6 7. Qe2 d6 8. f4 Nbd7 {B82: Sicilian Scheveningen: 6 f4} 9. g4 g6 10. Be3 Bg7 $146 {White is slightly better.} ({Predecessor:} 10... Nc5 11. f5 Bg7 12. O-O-O Bd7 13. Nb3 Nxb3+ 14. axb3 Bc6 15. Rhf1 O-O-O 16. g5 {1-0 (31) Llaneza Vega,M (2514)-Sandalakis,A (2319) Rijeka 2010}) 11. O-O-O Nc5 12. Kb1 b5 {[#]} (12... O-O $14) 13. Bxb5+ $1 $16 axb5 (13... Nfd7 $16) 14. Ndxb5 $18 {[%mdl 64] Double Attack, Discovered Attack} Qa5 15. Nxd6+ Ke7 {Strongly threatening ...Nfxe4!} 16. Nc4 {[%mdl 1024] White has strong compensation.} Qa7 17. Ne5 Bb7 18. Qc4 Rhc8 {[%cal Rf6e4]} 19. Nb5 Qb6 $2 (19... Qxa2+ {is tougher.} 20. Qxa2 Rxa2) 20. Rd6 Qa5 21. Bxc5 Rxc5 {[#]} 22. Rxe6+ $1 {[%mdl 512]} Kf8 (22... fxe6 23. Qxc5+) 23. Qxc5+ Kg8 24. Qc4 Bxe4 {[#] aiming for ...Bd5.} 25. Rxf6 $1 {And now Rd1 would win.} Bxh1 {[%cal Ra5e1]} (25... Bxf6 26. Qxf7+) 26. b4 $2 (26. a3 $18 {is more deadly.} Qd8 27. Qxf7+ Kh8 28. Rd6) 26... Qd8 $2 {[%mdl 8192]} (26... Bd5 $16 27. bxa5 (27. Qxd5 Qxb4+ 28. Ka1 Qe1+ 29. Kb2 Qb4+ 30. Qb3 Qxb3+ 31. Kxb3 Bxf6 $11) 27... Bxc4) 27. Qxf7+ Kh8 28. Rd6 Qh4 {Hoping for ...Qe1+.} 29. Qc4 Qe1+ 30. Kb2 g5 {Threatens to win with ...gxf4.} 31. Nc3 {White wants to mate with Nf7+.} h6 32. Nf7+ Kh7 {next ...Bxc3+ is good for Black.} 33. Qd3+ $4 {[%mdl 8192]} (33. a4 $18 {and all is fine.}) 33... Be4 $1 $19 {[%cal Re4d3]} 34. Rxh6+ $2 (34. Qd2 Bxc3+ 35. Kxc3 Rc8+ 36. Kb2 Rxc2+ 37. Qxc2 Bxc2 38. Kxc2) 34... Kg8 35. Rh8+ Bxh8 {Black mates.} 36. Nh6+ Kh7 $1 37. Qd7+ Bg7 {Accuracy: White = 69%, Black = 32%.} 0-1